| 000 | 01520nam a22002417a 4500 | ||
|---|---|---|---|
| 999 |
_c56944 _d56944 |
||
| 003 | Ge_BSU | ||
| 005 | 20221221152107.0 | ||
| 008 | 190710s2019 ge ||||| |||| 00| 0 geo d | ||
| 041 | _ageo | ||
| 080 | _a811.353.1' 282 მ-32 | ||
| 100 |
_aმარკოიძე გურამ. _93188 |
||
| 245 |
_aსიტყვათწარმოება სამხრულ კილოებში / _cგურამ მარკოიძე ; სამეცნ.ხელმძღ : მაია ბარამიძე. |
||
| 264 |
_aბათუმი : _bშოთა რუსთაველის სახელმწიფო უნ-ტი, _c2019. |
||
| 300 |
_a111 გვ .: _c30 სმ. |
||
| 500 | _aშმოკლებათა განმარტებანი გვ: 107-111 | ||
| 653 | _aსიტყვათწარმოება სამხრულ კილოებში | ||
| 653 | _aდისერტაცია | ||
| 653 | _aქართული ენა | ||
| 700 |
_aბარამიძე, მაია _eსამეცნიერო ხელმძღვანელი _93189 |
||
| 710 |
_aბათუმის შოთა რუსთაველის სახელმწიფო უნივერსიტეტი _93190 |
||
| 710 |
_aჰუმანიტარულ მეცნიერებათა ფაკულტეტი ქართული ფილოლოგიის დეპარტამენტი _93191 |
||
| 942 |
_2udc _cDS |
||